<?xml version="1.0" encoding="UTF-8"?>
<record
    xmlns:xsi="http://www.w3.org/2001/XMLSchema-instance"
    xsi:schemaLocation="http://www.loc.gov/MARC21/slim http://www.loc.gov/standards/marcxml/schema/MARC21slim.xsd"
    xmlns="http://www.loc.gov/MARC21/slim">

  <leader>00274nam a2200109Ia 4500</leader>
  <controlfield tag="008">230206s9999    xx            000 0 und d</controlfield>
  <datafield tag="022" ind1=" " ind2=" ">
    <subfield code="a">0972-0650</subfield>
  </datafield>
  <datafield tag="041" ind1=" " ind2=" ">
    <subfield code="a">eng</subfield>
  </datafield>
  <datafield tag="100" ind1=" " ind2=" ">
    <subfield code="a">Agarwala R G, Ed.</subfield>
    <subfield code="9">119224</subfield>
  </datafield>
  <datafield tag="245" ind1=" " ind2=" ">
    <subfield code="a">PR Communication Age</subfield>
  </datafield>
  <datafield tag="260" ind1=" " ind2=" ">
    <subfield code="b">Ruby Enterprise</subfield>
    <subfield code="a">Kolkata</subfield>
  </datafield>
  <datafield tag="999" ind1=" " ind2=" ">
    <subfield code="c">97675</subfield>
    <subfield code="d">97675</subfield>
  </datafield>
  <datafield tag="952" ind1=" " ind2=" ">
    <subfield code="0">0</subfield>
    <subfield code="1">0</subfield>
    <subfield code="4">0</subfield>
    <subfield code="7">0</subfield>
    <subfield code="a">HIMR</subfield>
    <subfield code="b">HIMR</subfield>
    <subfield code="d">2016-11-22</subfield>
    <subfield code="e">Saurabh Pustak Bandhani Kendra</subfield>
    <subfield code="l">0</subfield>
    <subfield code="o">659.2/AGA BV0259</subfield>
    <subfield code="p">HIMR-BV-259</subfield>
    <subfield code="r">2023-02-06 00:00:00</subfield>
    <subfield code="w">2023-02-06</subfield>
    <subfield code="y">BV</subfield>
    <subfield code="z">BV0259</subfield>
  </datafield>
  <datafield tag="952" ind1=" " ind2=" ">
    <subfield code="0">0</subfield>
    <subfield code="1">0</subfield>
    <subfield code="4">0</subfield>
    <subfield code="7">0</subfield>
    <subfield code="a">HIMR</subfield>
    <subfield code="b">HIMR</subfield>
    <subfield code="d">2016-11-22</subfield>
    <subfield code="e">Saurabh Pustak Bandhani Kendra</subfield>
    <subfield code="l">0</subfield>
    <subfield code="o">659.2/AGA BV0260</subfield>
    <subfield code="p">HIMR-BV-260</subfield>
    <subfield code="r">2023-02-06 00:00:00</subfield>
    <subfield code="w">2023-02-06</subfield>
    <subfield code="y">BV</subfield>
    <subfield code="z">BV0260</subfield>
  </datafield>
  <datafield tag="952" ind1=" " ind2=" ">
    <subfield code="0">0</subfield>
    <subfield code="1">0</subfield>
    <subfield code="4">0</subfield>
    <subfield code="7">0</subfield>
    <subfield code="a">HIMR</subfield>
    <subfield code="b">HIMR</subfield>
    <subfield code="d">2016-11-22</subfield>
    <subfield code="e">Saurabh Pustak Bandhani Kendra</subfield>
    <subfield code="l">0</subfield>
    <subfield code="o">659.2/AGA BV0261</subfield>
    <subfield code="p">HIMR-BV-261</subfield>
    <subfield code="r">2023-02-06 00:00:00</subfield>
    <subfield code="w">2023-02-06</subfield>
    <subfield code="y">BV</subfield>
    <subfield code="z">BV0261</subfield>
  </datafield>
  <datafield tag="952" ind1=" " ind2=" ">
    <subfield code="0">0</subfield>
    <subfield code="1">0</subfield>
    <subfield code="4">0</subfield>
    <subfield code="7">0</subfield>
    <subfield code="a">HIMR</subfield>
    <subfield code="b">HIMR</subfield>
    <subfield code="d">2016-11-22</subfield>
    <subfield code="e">Saurabh Pustak Bandhani Kendra</subfield>
    <subfield code="l">0</subfield>
    <subfield code="o">659.2/AGA BV0262</subfield>
    <subfield code="p">HIMR-BV-262</subfield>
    <subfield code="r">2023-02-06 00:00:00</subfield>
    <subfield code="w">2023-02-06</subfield>
    <subfield code="y">BV</subfield>
    <subfield code="z">BV0262</subfield>
  </datafield>
  <datafield tag="952" ind1=" " ind2=" ">
    <subfield code="0">0</subfield>
    <subfield code="1">0</subfield>
    <subfield code="4">0</subfield>
    <subfield code="7">0</subfield>
    <subfield code="a">HIMR</subfield>
    <subfield code="b">HIMR</subfield>
    <subfield code="d">2016-11-22</subfield>
    <subfield code="e">Saurabh Pustak Bandhani Kendra</subfield>
    <subfield code="l">0</subfield>
    <subfield code="o">659.2/AGA BV0263</subfield>
    <subfield code="p">HIMR-BV-263</subfield>
    <subfield code="r">2023-02-06 00:00:00</subfield>
    <subfield code="w">2023-02-06</subfield>
    <subfield code="y">BV</subfield>
    <subfield code="z">BV0263</subfield>
  </datafield>
  <datafield tag="952" ind1=" " ind2=" ">
    <subfield code="0">0</subfield>
    <subfield code="1">0</subfield>
    <subfield code="4">0</subfield>
    <subfield code="7">0</subfield>
    <subfield code="a">HIMR</subfield>
    <subfield code="b">HIMR</subfield>
    <subfield code="d">2016-11-22</subfield>
    <subfield code="e">Saurabh Pustak Bandhani Kendra</subfield>
    <subfield code="l">0</subfield>
    <subfield code="o">659.2/AGA BV0264</subfield>
    <subfield code="p">HIMR-BV-264</subfield>
    <subfield code="r">2023-02-06 00:00:00</subfield>
    <subfield code="w">2023-02-06</subfield>
    <subfield code="y">BV</subfield>
    <subfield code="z">BV0264</subfield>
  </datafield>
</record>
